000 00887nam a2200277 i 4500
005 20210818182038.0
008 981124s1984 ck gr 000 1 spa d
020 _a8482809040
040 _aCOMFC
_bspa
_erda
041 1 _aspa
_heng
100 1 _aKesey, Ken,
_d1935-2001.
_eaut
245 1 0 _aAtrapado sin salida
_cKen Kesey ; traducción de Mireia Bofill.
264 0 1 _aBogota
_bOveja Negra
_c1984
300 _a303 paginas
_c19 cm
336 _2rdacontent
_atxt
337 _2rdamedia
_an
338 _2rdacarrier
_anc
490 _953226
_aBest Sellers
_v4
534 _pTt̕ulo original. :
_tOne flew over the cuckoo's nest.
700 1 _aBofill Abello, Mireia,
_etrl
082 0 4 _a813.5
_bK42a
650 _aNovela estadounidense.
650 _aEnfermos mentales
_v Novela.
650 6 _aLocura
_v Novela.
942 _2ddc
_h813.5 K42a
_k813.5
_mK42a
999 _c13942
_d13942